003970000a22001210004500090001700000245009000017041001300107700003200120100002800152942001300180773006500193999001700258 aASbSeriadas10aExtended description of Platyrrhinus chocoensis from the Pacific lowlands of Colombia0 aInglés1 aVelasco A., Eduardo91003371 aAlberico, Michael96446 cARTICULO1 tTrianeakActa Científica y Tecnológicah5q343-351d1994 c16143d16143